Gardiner and Theobald top QS firm for 2003 (Record no. 116986)

MARC details
000 -LEADER
fixed length control field 01033cam a2200229 4500
001 - CONTROL NUMBER
control field WB4005-16
008 - FIXED-LENGTH DATA ELEMENTS--GENERAL INFORMATION
fixed length control field 040203n2003 000 0 eng u
035 ## - SYSTEM CONTROL NUMBER
System control number (Sirsi) u125001
245 ## - TITLE STATEMENT
Title Gardiner and Theobald top QS firm for 2003
260 ## - PUBLICATION, DISTRIBUTION, ETC.
Date of publication, distribution, etc. 2003
490 ## - SERIES STATEMENT
Series statement Building
Volume/sequential designation 30 January 2004, 20(1)
520 ## - SUMMARY, ETC.
Summary, etc. Publication of the annual Glenigan tables shows that Gardiner and Theobald are the top Quantity Surveyors for the year 2003. With the last year's top firm, Davis Langdon and Everest dropping to second place. Gardiner and Theobald won 52 contracts with a value of nearly £1.5bn, whilst DLE had more projects their value was less. The top contractors for the year were Bovis Land Lease, with Benoy being the top architecture firm and the Department of Health heading the top client listing.
590 ## - LOCAL NOTE (RLIN)
Local note WB
590 ## - LOCAL NOTE (RLIN)
Local note WB
650 ## - SUBJECT ADDED ENTRY--TOPICAL TERM
Topical term or geographic name entry element QUANTITY SURVEYORS
650 ## - SUBJECT ADDED ENTRY--TOPICAL TERM
Topical term or geographic name entry element RANKINGS
650 ## - SUBJECT ADDED ENTRY--TOPICAL TERM
Topical term or geographic name entry element CONTRACTORS
650 ## - SUBJECT ADDED ENTRY--TOPICAL TERM
Topical term or geographic name entry element CLIENTS
650 ## - SUBJECT ADDED ENTRY--TOPICAL TERM
Topical term or geographic name entry element ARCHITECTS
690 ## - LOCAL SUBJECT ADDED ENTRY--TOPICAL TERM (OCLC, RLIN)
Topical term or geographic name as entry element PROFESSIONAL PRACTICE
942 ## - ADDED ENTRY ELEMENTS (KOHA)
Suppress in OPAC 0
Holdings
Withdrawn status Lost status Source of classification or shelving scheme Damaged status Not for loan Home library Current library Shelving location Date acquired Total Checkouts Full call number Barcode Date last seen Copy number Price effective from Koha item type
    Dewey Decimal Classification     London London News article 03/02/2004   WB4005-16 125001-1001 06/08/2019 1 06/08/2019 News article